Клинические лекции. Ч.1 (Запись № 13479187)

Подробности
000 -МАРКЕР
контрольное поле 01056nam2a22002171 4500
001 - ИДЕНТИФИКАТОР ЗАПИСИ
контрольное поле RU\NLR\A1SV\28310
005 - ИДЕНТИФИКАТОР ВЕРСИИ
контрольное поле 20251203152403.2
035 ## - ДРУГИЕ СИСТЕМНЫЕ НОМЕРА
Идентификатор записи (NLR Aleph) 009712249
100 ## - ДАННЫЕ ОБЩЕЙ ОБРАБОТКИ
Данные общей обработки 19800705d1923 u y0rusy50 ca
101 0# - ЯЗЫК РЕСУРСА
Язык текста, звукозаписи и т.д. русский
200 0# - ЗАГЛАВИЕ И СВЕДЕНИЯ ОБ ОТВЕТСТВЕННОСТИ
Основное заглавие Ч.1
Сведения, относящиеся к заглавию С 9 рис. в тексте
210 ## - ПУБЛИКАЦИЯ, РАСПРОСТРАНЕНИЕ И ДР.
Дата издания, распространения и т.д. 1923
215 ## - ФИЗИЧЕСКАЯ ХАРАКТЕРИСТИКА
Специфическое обозначение материала и объем VIII, 294 с.
Другие сведения о физической характеристике ил.
461 #1 - УРОВЕНЬ НАБОРА
Встроенное поле 001RU\NLR\A1SV\28309
-- 2000#$aКлинические лекции$eКурс фак. терапевт. клиники$fВ.И.Глинчиков, проф. Гос. ин-та мед. знаний$vЧ.1
-- 700#1$aГлинчиков$bВ.И.$f1878-1933$gВладимир Игнатьевич$4070
Системный номер (АБИС) связанной записи 9839110
Автор Глинчиков, В.И. (1878-1933)
Место публикации Пг.
Дата публикации 1923-1930
Первые сведения об ответственности В.И.Глинчиков, проф. Гос. ин-та мед. знаний
Имя издателя, распространителя и т.д. Практ. медицина
Сведения, относящиеся к заглавию Курс фак. терапевт. клиники
Заглавие Клинические лекции
Номер тома Ч.1
801 #0 - ИСТОЧНИК ЗАПИСИ
Страна Российская Федерация
Организация NLR
Дата составления 19800705
852 ## - МЕСТОНАХОЖДЕНИЕ И ШИФР ХРАНЕНИЯ
Идентификатор организации NLR
Шифр хранения (Call Number) 7/11
942 ## - ДОПОЛНИТЕЛЬНЫЕ ЭЛЕМЕНТЫ ЗАПИСИ (АБИС)
Тип экземпляра АБИС Книга
980 ## - КОЛЛЕКЦИЯ
Название коллекции Международный сводный каталог русской книги (1918-1926)
980 ## - КОЛЛЕКЦИЯ
Название коллекции Национальная библиография

Нет доступных экземпляров.